000 00461nam a2200181Ia 4500
008 090124s9999 xx 000 0 und d
082 _b25352
_a6791
100 _aदेसाई रणजित
245 _a अभोगी
250 _a1
260 _c1987
300 _a244
600 _aदेसाई रणजित
630 _a अभोगी
700 _aदेसाई रणजित
730 _a अभोगी
942 _cBOOK
999 _c138865
_d138865